000 01186nam a2200313 a 4500
001 000113759
003 CHAP
005 20220329144411.0
008 170914s2017 mx sm |||||||spa d
010 _a110220
011 _a111192
040 _cCHAP
090 _aTesis
100 1 _aEleazar Abraham, Beh Miss.
_9133377
245 1 0 _aSatisfacción académica de los estudantes de Ingeniería Forestal, en la Universidad Autónoma Chapingo
_h[En línea]
_cpor Beh Miss Eleazar Abraham y Manuel Pacheco Castro.
260 _aChapingo, Méx. :
_bEl autor,
_c2017.
500 _aPara ver el contenido del material haga clic en la liga
502 _aTesis (Ing. Forestal) -- UACH. División de Ciencias Forestales
590 _aBATCH-UPD
_b05
_c20191003
_lUCH01
_h0957
590 _aE5765TAJ
_b05
_c20170914
_lUCH01
_h1200
590 _aE5765TAJ
_b05
_c20170914
_lUCH01
_h1200
650 1 4 _aPlanificación educativa
_xEstudio de casos.
_9133379
650 1 4 _aUACH
_xPlanes de estudio
_xEvaluación.
_9133380
700 1 4 _aPacheco Castro, Manuel.
_9133378
856 _aFinding aid
_uhttp://10.13.5.2/tesis/sist113759.pdf
_zTeclea aquí
901 _aBK
942 _cTESIS
942 _n0
999 _c110220
_d110220